Dôležitosť každého slova

Základnou vlastnosťou chaarakterových rysov vedúceho pracovníka by mali byť slušnosť a vhodné vyjadrovanie. Každé slovo má svoju hĺbku. Dopad slova na zamestnanca.

Salvato in:
Dettagli Bibliografici
Autore principale: Hálek, Jiří
Natura: Capitolo di libro
Lingua:slovacco
Soggetti:
Tags: Aggiungi Tag
Nessun Tag, puoi essere il primo ad aggiungerne!!

MARC

LEADER 00000naa a2200000 4500
001 0228393
005 20170315112958.3
041 0 |a slo 
044 |a SK 
245 1 0 |a Dôležitosť každého slova  |c Jiří Hálek 
520 |a Základnou vlastnosťou chaarakterových rysov vedúceho pracovníka by mali byť slušnosť a vhodné vyjadrovanie. Každé slovo má svoju hĺbku. Dopad slova na zamestnanca. 
610 2 0 |a pracovníci riadiaci 
610 2 0 |a zamestnanci 
610 2 0 |a komunikácia 
610 2 0 |a komunikácia manažérska 
100 1 |a Hálek, Jiří